Luật bảo vệ quyền lợi người tiêu dùng
Toàn văn Luật bảo vệ người tiêu dùng Việt Nam năm 2010
Đã lưu trong:
| Nhiều tác giả của công ty: | , |
|---|---|
| 格式: | 图书 |
| 语言: | Undetermined |
| 出版: |
Hà Nội
Chính trị Quốc gia
2011
|
| 主题: | |
| 标签: |
添加标签
没有标签, 成为第一个标记此记录!
|
| Thư viện lưu trữ: | Trung tâm Học liệu Trường Đại học Cần Thơ |
|---|
| LEADER | 00892nam a2200229Ia 4500 | ||
|---|---|---|---|
| 001 | CTU_196845 | ||
| 008 | 210402s9999 xx 000 0 und d | ||
| 020 | |c 6000 | ||
| 082 | |a 343.597071 | ||
| 082 | |b V308 | ||
| 110 | |a Việt Nam (Cộng hòa Xã hội Chủ nghĩa) | ||
| 110 | |b Quốc hội | ||
| 245 | 0 | |a Luật bảo vệ quyền lợi người tiêu dùng | |
| 245 | 0 | |c Việt Nam (Cộng hòa Xã hội Chủ nghĩa). Quốc hội | |
| 260 | |a Hà Nội | ||
| 260 | |b Chính trị Quốc gia | ||
| 260 | |c 2011 | ||
| 520 | |a Toàn văn Luật bảo vệ người tiêu dùng Việt Nam năm 2010 | ||
| 650 | |a Consumer protection,Bảo vệ người tiêu dùng | ||
| 650 | |x Law and legislation,Luật và pháp chế | ||
| 904 | |i Nguyên | ||
| 980 | |a Trung tâm Học liệu Trường Đại học Cần Thơ | ||